| 000 | 00440 a2200145 4500 | ||
|---|---|---|---|
| 999 |
_c4750 _d4750 |
||
| 020 | _a9781444332292 | ||
| 050 | _aN6497MOD2013 | ||
| 100 |
_aO'Brien, Elaine _eeditor |
||
| 245 |
_aModern art in Africa, Asia and Latin America _ban introduction to global modernisms / _cedited by Elaine O'Brien |
||
| 264 |
_aOxford _bBlackwell Publishers _c2013 |
||
| 300 | _a446p. | ||
| 500 | _aInclude index | ||
| 650 | _aArt | ||
| 942 |
_2lcc _cBK _h6497 _iMOD _kN |
||